| 000 | 00859nam a2200277Ia 4500 | ||
|---|---|---|---|
| 001 | Z_2525 | ||
| 003 | CHAP | ||
| 008 | 220113s1985 xx 000 0 und d | ||
| 010 | _a165584 | ||
| 020 | _a84-282-0211-7 | ||
| 040 | _cCHAP | ||
| 082 | _a574.192 L4y 1975 | ||
| 100 |
_aLehninger, Albert _9139508 |
||
| 245 |
_aBioquímica : las bases moleculares de la estructura y función celular / _cpor Albert Lehninger |
||
| 260 |
_aBarcelona : _bOmega, _c1985 |
||
| 300 |
_a1117 p. : _bilus. |
||
| 500 | _aTrad. De : la 2 ed. En inglés de 1975 | ||
| 503 | _a123798-123800,134605-9,131655,131656,131658,134965, 134607,145 300,145299,195317-24,188998, 211827,230133, C/E REPOSICIÓN c.1, 3,5,8,6 s/n | ||
| 650 |
_aBioquímica _912849 |
||
| 901 | _a574.192 L4Y 1975 | ||
| 902 | _aM | ||
| 910 | _a1985 | ||
| 942 | _c1 | ||
| 942 | _cc1 | ||
| 999 |
_c165584 _d165584 |
||